00581cam a22002053a 450000100060000000300060000600500170001200800410002904000150007004200070008505000070009224500830009926000290018250600300021151600200024165300130026170000300027483000290030485600420033317478PGUSA20140828083355.0060107s2006||||xxu|||||s|||||000 | eng d aPGUSAbeng adc 4aND10aGreat Pictures, As Seen and Described by Famous Writersh[electronic resource] bProject Gutenberg,c2006 aPublic domain in the USA. aElectronic text aPainting1 aSingleton, Esther,d-1930 0aProject Gutenbergv1747840uhttp://www.gutenberg.org/ebooks/17478